Ръководство по математически анализ (Запис номер 19418)
[ съкратено ]
| 000 -Лидер | |
|---|---|
| Контролно поле с фиксирана дължина | 02395nam a2200373 c 4500 |
| 003 - Код на организацията, давaща контролен номер | |
| Контролно поле | BLK |
| 005 - Дата и час на последна редакция | |
| Контролно поле | 20180912122536.0 |
| 008 - Елементи от данни с фиксирана дължина | |
| fixed length control field | 180413b bul|||||r ||||||| ||bul|| |
| 010 ## - Наследен системен номер | |
| LC control number | KNG00021544000 |
| 020 ## - Международен стандартен номер на книга ISBN | |
| Международен стандартен номер на книга ISBN | 954-07-1105-3 |
| -- | издат.: Унив. изд. Св. Климент Охридски |
| 040 ## - Източник на каталожния запис | |
| Идентификатор на билиотеката - собственик на записа | BLK |
| 041 ## - Код за език | |
| Код за езика на текст/звукозапис или на отделно заглавие | Български |
| Код за езика КДБФ | Български |
| 080 ## - УДК | |
| Текстов определител УДК | Математичен анализ. Теория на реалните числа, аксиоматически формули, неравенства, основни свойства на функциите, непрекъснатост, монотонност, изучаване на отд. функции. Вж и 510.2/.6 |
| УДК код - определител по УДК | 517 |
| УДК определител | (075.8) |
| УДК - код + определител | 517(075.8) |
| 100 1# - Редна дума - Автор | |
| Автор | Любенова, Елена Тодорова |
| Авторска отговорност | първи автор |
| R(LIN) | 263795 |
| 139 ## - Редно поле | |
| Редна дума | Ръководство по математически анализ |
| Авторски знак | Ръ - Р 97 |
| 245 10 - Сведения за заглавието | |
| Заглавие | Ръководство по математически анализ |
| Подзаглавни данни | [За студентите от СУ Св. Климент Охридски] : Ч. 1 - |
| Редно поле (дума) | Елена Тодорова Любенова; Петър Спиридонов Недевски; Красимир Иванов Николов; Людмила Йорданова Николова; Владимир Атанасов Попов. |
| Том | Ч. 1 |
| 250 ## - Област на изданието | |
| Сведения за изданието | [3.] изд |
| 257 ## - Страна на издаване | |
| Страна на създаване/издаване | България |
| 260 ## - Област на издателските данни | |
| -- | София |
| Име на издателя, разпространителя и проч. | Унив. изд. Св. Климент Охридски |
| Година на издаване | 1998 |
| 300 ## - Физическа характеристика | |
| Размери/Мащаб | 20 см |
| 380 ## - Жанр | |
| Жанр | Обществени науки |
| 500 ## - Общи забележки | |
| Забележка | Други авт.: П. Сп. Недевски, Кр. И. Николов, Л. Й. Николова, Вл. Ат. Попов ; Пълното име на първата авт. е Елена Тодорова Любенова-Тонева. - Офс. изд. |
| 650 #4 - Допълнително описание по предмет – тема | |
| Основно описание – тема или топоним | Математически анализ |
| 9 (RLIN) | 251206 |
| 700 1# - Други автори (авторска отговорност) | |
| Лично име | Недевски, Петър Спиридонов |
| 9 (RLIN) | 101120 |
| 700 1# - Други автори (авторска отговорност) | |
| Лично име | Николов, Красимир Иванов |
| 9 (RLIN) | 263796 |
| 700 1# - Други автори (авторска отговорност) | |
| Лично име | Николова, Людмила Йорданова |
| 9 (RLIN) | 263797 |
| 700 1# - Други автори (авторска отговорност) | |
| Лично име | Попов, Владимир Атанасов |
| 9 (RLIN) | 263798 |
| 760 1# - Описание на основната серия | |
| Редна дума на основното описание | Любенова, Елена Тодорова |
| Издание | [3.] изд |
| Място на издаване, издател и година | 1998 |
| Страници - том | 500 с. : с черт. |
| Забележка - том | 1. изд. 1992 ; В кн. означено 2. стер. изд |
| Заглавие | Ч. 1 |
| 852 ## - Местоположение | |
| Форматна сигнатура | Цб 196333 |
| 856 4# - Електронен адрес и достъп | |
| Електронен формат | pdf - файл |
| Път до файла /url/ | |
| 856 4# - Електронен адрес и достъп | |
| Електронен формат | pdf - файл |
| Път до файла /url/ | |
| 942 ## - АРТИКУЛИ | |
| Вид на библиотечния материал | Книги |
| Скрит в OPAC | Не |
| Koha issues (borrowed), all copies | 1 |
| 944 ## - СЪЗДАВАНЕ И РЕДАКЦИЯ на ЗАПИСА | |
| Създаване/Редакция | Създаване |
| Дата на регистрацията/редакция | 15.01.2003 |
| Служител, извършил регистрацията/редакцията | AB_DOS |
| 944 ## - СЪЗДАВАНЕ И РЕДАКЦИЯ на ЗАПИСА | |
| Създаване/Редакция | Редакция |
| Дата на регистрацията/редакция | 08.02.2018 |
| Служител, извършил регистрацията/редакцията | |
| 999 ## - СИСТЕМНИ КОНТРОЛНИ НОМЕРА | |
| Koha biblionumber | 19418 |
| Koha biblioitemnumber | 19418 |
| Код за отписване | Код за изгубен артикул | Източник на класификационната схема | Код за повреда | Коз за рестрикции | Код за отдаване | Артикулен № | Име на библиотеката - собственик | Име на библиотеката, в която се намира в момента | Статус (Текущо местоположение) | Дата на вписване в системата | Местоположение - отдел | Цена в лева | Инвентарен номер | Систематично азбучна сигнатура | Баркод | Номер на екземпляра | Цена в евро | Служебен тип на артикула | Служебна бележка |
|---|---|---|---|---|---|---|---|---|---|---|---|---|---|---|---|---|---|---|---|
| Не е изгубен | Universal Decimal Classification | Не е повреден | без рестрикции | ползва се в читалня | 32382 | Регионална библиотека "Любен Каравелов" Русе | Регионална библиотека "Любен Каравелов" Русе | Хранилище | 2024-07-05 | Хранилище | 0.00 | 639707 | Цб 196333 | 120000639707 | 1 | 0.00 | Книги | ||
| Не е изгубен | Universal Decimal Classification | Не е повреден | без рестрикции | заемане за дома | 32383 | Регионална библиотека "Любен Каравелов" Русе | Регионална библиотека "Любен Каравелов" Русе | Заемна - подръчен фонд | 1998-01-01 | Заемна - подръчен фонд | 8.00 | 656955 | П 517/Р 97 | 120000656955 | 2 | 4.09 | Книги | Дост: Pk Вид: Сф Дата: 01.01.1998 Дата инв: 09.02.2018 Бележки инв: П2018 | |
| Не е изгубен | Universal Decimal Classification | Не е повреден | без рестрикции | заемане за дома | 32384 | Регионална библиотека "Любен Каравелов" Русе | Регионална библиотека "Любен Каравелов" Русе | Заемна - подръчен фонд | 1998-01-01 | Заемна - подръчен фонд | 8.00 | 656956 | П 517/Р 97 | 120000656956 | 3 | 4.09 | Книги | Дост: Pk Вид: Сф Дата: 01.01.1998 Дата инв: 09.02.2018 Бележки инв: П2018 | |
| Изтеглен | Не е изгубен | Universal Decimal Classification | Не е повреден | без рестрикции | заемане за дома | 32385 | Регионална библиотека "Любен Каравелов" Русе | Регионална библиотека "Любен Каравелов" Русе | Заемна - подръчен фонд | 1998-01-01 | Заемна - подръчен фонд | 8.00 | 656957 | П 517/Р 97 | 656957 | 4 | 4.09 | Книги | Дост: Pk Вид: Сф Дата: 01.01.1998 |